Estatísticas para 100 Nomes Masculinos Mais Populares

Clique aqui para jogar o quiz

Estatísticas Gerais

  • Esse quiz foi jogado 3 349 vezes
    (3 334 desde o último reset)
  • A pontuação média é 42 de 100

Estatísticas das Respostas

Nome% Correto
João
97%
Pedro
92%
José
84%
Paulo
83%
Carlos
81%
Gabriel
81%
Lucas
79%
Filipe
77%
Luís
77%
Bruno
76%
António
74%
Marco
74%
Mateus
72%
Tiago
72%
Vítor
72%
André
70%
Daniel
70%
Rafael
69%
Fernando
68%
Guilherme
68%
Gustavo
68%
Henrique
67%
Eduardo
66%
Miguel
64%
Leonardo
63%
Rodrigo
61%
Ricardo
60%
Bernardo
58%
Francisco
58%
Alexandre
57%
Artur
57%
Fábio
55%
Diogo
52%
Leandro
52%
Mário
52%
Júlio
51%
Marcelo
51%
Marcos
51%
Jorge
48%
Roberto
48%
David
47%
Enzo
47%
Manuel
47%
Renato
46%
Hugo
43%
Igor
43%
Samuel
43%
Joaquim
41%
Alberto
40%
Márcio
40%
Tomás
40%
Cristiano
39%
Sérgio
39%
Adriano
37%
César
35%
Cláudio
32%
Flávio
32%
Rogério
32%
Afonso
30%
Gil
30%
Júnior
28%
Frederico
26%
Mauro
26%
Rúben
26%
Rui
26%
Iúri
25%
Micael
24%
Vicente
24%
Matias
22%
Valter
22%
Vasco
22%
Emanuel
21%
Raul
21%
Álvaro
20%
Ângelo
20%
Ivan
20%
Nélson
20%
Nuno
20%
Sebastião
20%
Gonçalo
19%
Rodolfo
19%
Joel
18%
Martim
18%
Simão
18%
Duarte
17%
Jaime
17%
Xavier
17%
Ivo
16%
Kevin
16%
Óscar
16%
Santiago
16%
Dinis
15%
Salvador
14%
Théo
14%
Wilson
14%
Lourenço
13%
Benjamim
12%
Hélder
12%
Nicolau
8%
Telmo
8%

Distribuição das Pontuações

Percentil de Números Respondidos

Porcentagem de Pessoas com Cada Pontuação

Sua Pontuação Histórica

Você não jogou esse quiz desde o último reset